La conciencia de Zeno

Guardat en:
Dades bibliogràfiques
Autor principal: Svevo, Italo (Autor)
Format: Llibre
Idioma:espanyol
Publicat: Barcelona Bruguera 1982
Edició:1a. ed
Col·lecció:Libro Amigo, 1502-949
Matèries:
Etiquetes: Afegir etiqueta
Sense etiquetes, Sigues el primer a etiquetar aquest registre!

MARC

LEADER 00000cam a2200000 a 4500
001 UCC0195
003 CL-VaPUC
008 170721e19820000sp |||||||||||||||||spa|d
020 |a 840208995X 
082 0 4 |a 853  |b SVE  |2 21 
100 0 |a Svevo, Italo  |e author  |9 324796 
245 1 3 |a La conciencia de Zeno 
250 |a 1a. ed 
300 |a 467 p 
942 |c BK 
945 |d 20170721 23:47:00  |a arojas 
260 |a Barcelona  |b Bruguera  |c 1982 
650 0 |a Novela italiana  |9 265740 
650 0 |a Literatura italiana  |9 266970 
583 |a last modification  |c 20170721 23:47:00  |k Rodrigo Vera 
490 0 |a Libro Amigo, 1502-949 
999 |c 369099  |d 369097 
952 |0 0  |1 0  |3 erb  |4 0  |6 853_000000000000000_SVE_1982  |7 0  |8 A  |9 484655  |a BIBEDU  |b BIBEDU  |i 5408989  |o 853 SVE 1982  |p 5408989  |r 2019-11-24  |w 2019-11-24  |y BK  |z Catalogado en:20170721  |k LIT